LEADER 01416cam0-22003731i-450- 001 990000133310403321 005 20130227104345.0 035 $a000013331 035 $aFED01000013331 035 $a(Aleph)000013331FED01 035 $a000013331 100 $a20121112d1993----km-y0itay50------ba 101 0 $aita 102 $aIT 105 $ay-------001yy 200 1 $aRumore degli aerei e tutela dell'ambiente$fMinistero dei trasporti, Direzione generale programmazione organizzazione e coordinamento$gS.A.G.A.T. Societa azionaria gestione aeroporto Torino$gil settore tecnico è stato curato da Roberto Passatore e Franco d'Amico$gil settore giuridico è stato curato da Dario Maffeo 210 $aRoma$cMinistero dei trasporti$d1993 215 $a291 p.$cill.$d30 cm 610 0 $aTraffico aereo$aRumori molesti 676 $a363.741$v20$zita 702 1$aD'Amico,$bFranco$f<1956- > 702 1$aMaffeo,$bDario 702 1$aPassatore,$bRoberto 710 01$aItalia.$bMinistero dei trasporti e della navigazione.$bDirezione generale programmazione, organizzazione e coordinamento$0375694 712 02$aSAGAT 801 0$aIT$bUNINA$gREICAT$2UNIMARC 901 $aBK 912 $a990000133310403321 952 $aVII C 265$b21163$fFSPBC 952 $a13 F 16 33$b7690$fFINBC 959 $aFSPBC 959 $aFINBC 996 $aRumore degli aerei e tutela dell'ambiente$9114081 997 $aUNINA LEADER 01194nam--2200397---450- 001 990002689000203316 005 20070830094240.0 010 $a88-359-3319-6 035 $a000268900 035 $aUSA01000268900 035 $a(ALEPH)000268900USA01 035 $a000268900 100 $a20051123d1989----km-y0itay0103----ba 101 0 $aita 102 $aIT 105 $ay|||z|||001yy 200 1 $aStudiare l'ambiente$eteoria e pratica$fGiuseppe Rescigno$gintroduzione di Franco Frabboni 210 $aRoma$cEditori Riuniti$d1989 215 $a175 p.$d21 cm 225 2 $aPaideia$v87 410 0$1001$aPaideia$12001 606 0 $aEcologia$xInsegnamento$xScuola media 676 $a372.357 700 1$aRESCIGNO,$bGiuseppe$09792 702 1$aFRABBONI,$bFranco 801 0$aIT$bsalbc$gISBD 912 $a990002689000203316 951 $aII.4. 3672(VI B 935)$b183328 L.M.$cVI B$d00181919 959 $aBK 969 $aUMA 979 $aCHIARA$b90$c20051123$lUSA01$h1031 979 $aCHIARA$b90$c20051130$lUSA01$h1249 979 $aCOPAT6$b90$c20070207$lUSA01$h1510 979 $aCOPAT1$b90$c20070830$lUSA01$h0942 996 $aStudiare l'ambiente$91003157 997 $aUNISA